000 00597nam a22002297a 4500
003 UA-OsUOA
001 51647
007 ta
008 20080118b un ||||| |||| 00| 0 ukr d
100 _aЯворівська Т.
700 _aЯворівський І.
090 _a82
_bЯ-12
942 _cSA
040 _aUA-OsUOA
_bukr
_cUA-OsUOA
_dUA-OsUOA
245 _aДва місяці з життя Василя Стуса
300 _aС.6
955 _a0
041 _aukr
080 _a82
773 0 _w51646
650 7 _a82 Література. Літературознавство
_2UDC
999 _c337737
_d337737